[Event "Muensterland Verbandsliga 1819"]
[Site "Germany"]
[Date "2018.11.24"]
[Round "4.8"]
[White "Radinger, Rudolf"]
[Black "Muth, Josef"]
[Result "1/2-1/2"]
[WhiteElo "1538"]
[BlackElo "1918"]
[PlyCount "54"]
[EventDate "2018.09.01"]
[EventType "team-tourn"]
[EventRounds "9"]
[EventCountry "GER"]
[SourceTitle "EXT 2020"]
[Source "ChessBase"]
[SourceDate "2019.10.17"]
[SourceVersion "1"]
[SourceVersionDate "2019.10.17"]
[SourceQuality "1"]
[WhiteTeam "Beelen"]
[BlackTeam "Telgte"]
[WhiteTeamCountry "GER"]
[BlackTeamCountry "GER"]

1. Nf3 Nf6 2. b3 e6 3. Bb2 d5 4. e3 Be7 5. Be2 0-0 6. 0-0 b6 7. d3 Bb7 8. Nbd2 Nbd7 9. c4 Rc8 10. Qc2 c5 11. Rad1 Qc7 12. Rfe1 Rfd8 13. Qb1 Bf8 14. Qa1 Bd6 15. h3 Re8 16. a3 e5 17. cxd5 Bxd5 18. Nc4 b5 19. Nxd6 Qxd6 20. Nd2 a6 21. Rc1 Qe6 22. b4 Ba8 23. Bf1 Qd5 24. Red1 h6 25. Nf3 Qe6 26. Ne1 Rc6 27. Rc2 c4 1/2-1/2

[Event "Muensterland Verbandsliga 1617"]
[Site "Germany"]
[Date "2017.05.06"]
[Round "9.1"]
[White "Muth, Josef"]
[Black "Boehlich, Daniel"]
[Result "0-1"]
[WhiteElo "1978"]
[BlackElo "1994"]
[PlyCount "38"]
[EventDate "2016.09.10"]
[EventType "team"]
[EventRounds "9"]
[EventCountry "GER"]
[SourceTitle "EXT 2018"]
[Source "ChessBase"]
[SourceDate "2017.10.13"]
[SourceVersion "1"]
[SourceVersionDate "2017.10.13"]
[SourceQuality "1"]
[WhiteTeam "Telgte"]
[BlackTeam "Emsdetten Rochade II"]
[WhiteTeamCountry "GER"]
[BlackTeamCountry "GER"]

1. d4 d5 2. c4 e6 3. Nc3 c6 4. Nf3 Nf6 5. g3 dxc4 6. Bg2 b5 7. Ne5 Nd5 8. 0-0 Bb7 9. Nxd5 cxd5 10. a4 a6 11. b3 Nc6 12. Bb2 Nxe5 13. dxe5 Bc5 14. e3 0-0 15. h4 Qb6 16. Rb1 Qc7 17. h5 h6 18. g4 b4 19. Rc1 c3 0-1

[Event "Muensterland Verbandsliga 1617"]
[Site "Germany"]
[Date "2017.01.28"]
[Round "6.1"]
[White "Tietz, Eric"]
[Black "Muth, Josef"]
[Result "1-0"]
[WhiteElo "1911"]
[BlackElo "1978"]
[PlyCount "63"]
[EventDate "2016.09.10"]
[EventType "team"]
[EventRounds "9"]
[EventCountry "GER"]
[SourceTitle "EXT 2018"]
[Source "ChessBase"]
[SourceDate "2017.10.13"]
[SourceVersion "1"]
[SourceVersionDate "2017.10.13"]
[SourceQuality "1"]
[WhiteTeam "Muenster SK IV"]
[BlackTeam "Telgte"]
[WhiteTeamCountry "GER"]
[BlackTeamCountry "GER"]

1. e4 c5 2. c3 d5 3. exd5 Nf6 4. Bb5+ Nbd7 5. c4 g6 6. Nc3 Bg7 7. Nf3 0-0 8. Bxd7 Bxd7 9. 0-0 a6 10. d3 Qc7 11. Be3 Rfe8 12. Rb1 e6 13. Bg5 b5 14. dxe6 fxe6 15. Re1 Bc6 16. Ne5 b4 17. Nxc6 bxc3 18. Qf3 Rac8 19. Bxf6 c2 20. Rbc1 Qxc6 21. Qxc6 Rxc6 22. Bxg7 Kxg7 23. Rxc2 Rd6 24. Re3 Red8 25. Rd2 a5 26. Kf1 a4 27. Ke1 Kf6 28. Kd1 Rb8 29. Kc2 Rdb6 30. Kc3 a3 31. b3 Ke7 32. d4 1-0

[Event "Muensterland Regionalliga 1516"]
[Site "Germany"]
[Date "2015.12.05"]
[Round "4.2"]
[White "Quante, Lennart"]
[Black "Muth, Josef"]
[Result "1/2-1/2"]
[WhiteElo "1954"]
[BlackElo "1966"]
[PlyCount "106"]
[EventDate "2015.09.05"]
[EventType "team"]
[EventRounds "9"]
[EventCountry "GER"]
[SourceTitle "EXT 2017"]
[Source "ChessBase"]
[SourceDate "2016.10.25"]
[SourceVersion "1"]
[SourceVersionDate "2016.10.25"]
[SourceQuality "1"]
[WhiteTeam "Muenster SK III"]
[BlackTeam "Telgte"]
[WhiteTeamCountry "GER"]
[BlackTeamCountry "GER"]

1. d4 Nf6 2. c4 g6 3. Nc3 Bg7 4. e4 d6 5. Bd3 0-0 6. Nge2 Nc6 7. 0-0 e5 8. d5 Nd4 9. Bb1 Nxe2+ 10. Qxe2 Nh5 11. g3 Bh3 12. Re1 f5 13. exf5 Bxf5 14. Bxf5 Rxf5 15. Ne4 h6 16. Be3 Rf7 17. Qd2 Kh7 18. b4 Qd7 19. Qe2 Qh3 20. f3 Raf8 21. Rf1 b6 22. Rac1 Nf6 23. Nxf6+ Rxf6 24. c5 Qh5 25. g4 Qh3 26. Qg2 Rxf3 27. Qxh3 Rxh3 28. Rxf8 Bxf8 29. cxb6 cxb6 30. Bf2 Ra3 31. Rc2 Kg8 32. Kg2 Kf7 33. Be1 Be7 34. b5 Bg5 35. Bb4 Rd3 36. Rc7+ Ke8 37. Bxd6 Rxd5 38. Ba3 Rd2+ 39. Kf1 Rxh2 40. Rxa7 Rxa2 41. Ra6 Be3 42. Bc1 Rf2+ 43. Ke1 Bd4 44. Bxh6 Rb2 45. Ra7 e4 46. Ra8+ Ke7 47. Rg8 e3 48. Rc8 Rxb5 49. Rc4 Rd5 50. Ke2 g5 51. Bxg5+ Rxg5 52. Rxd4 Re5 53. Rd3 b5 1/2-1/2

[Event "Muensterland Regionalliga 1516"]
[Site "Germany"]
[Date "2015.09.26"]
[Round "2.2"]
[White "Muth, Josef"]
[Black "Ringwelski, Marius"]
[Result "1-0"]
[WhiteElo "1966"]
[BlackElo "2027"]
[PlyCount "71"]
[EventDate "2015.09.05"]
[EventType "team"]
[EventRounds "9"]
[EventCountry "GER"]
[SourceTitle "EXT 2017"]
[Source "ChessBase"]
[SourceDate "2016.10.25"]
[SourceVersion "1"]
[SourceVersionDate "2016.10.25"]
[SourceQuality "1"]
[WhiteTeam "Telgte"]
[BlackTeam "Nienberge"]
[WhiteTeamCountry "GER"]
[BlackTeamCountry "GER"]

1. d4 Nf6 2. c4 c5 3. d5 b5 4. cxb5 a6 5. bxa6 g6 6. g3 Bg7 7. Bg2 d6 8. Nf3 0-0 9. Nc3 Bxa6 10. 0-0 Nbd7 11. Re1 Qa5 12. Qc2 Rfb8 13. Rb1 Nb6 14. Nd2 Nc4 15. Nxc4 Bxc4 16. b3 Bxd5 17. Bd2 Bxg2 18. Kxg2 Ne8 19. h4 h5 20. Na4 Qa6 21. e4 Nc7 22. Bg5 Nb5 23. Qd3 Na3 24. Qxa6 Rxa6 25. Rbc1 Kf8 26. Bf4 e6 27. Nxc5 dxc5 28. Bxb8 Bd4 29. Bf4 Nb5 30. a4 Nc3 31. Bd2 Na2 32. Rc2 Nb4 33. Bxb4 cxb4 34. Rc4 Bc3 35. Rd1 Rb6 36. Rd7 1-0

[Event "Muensterland Verbandsliga 1314"]
[Site "Germany"]
[Date "2013.10.05"]
[Round "2.2"]
[White "Wendker, Christian"]
[Black "Muth, Josef"]
[Result "0-1"]
[WhiteElo "1968"]
[BlackElo "2051"]
[PlyCount "46"]
[EventDate "2013.09.07"]
[EventType "team-tourn"]
[EventRounds "9"]
[EventCountry "GER"]
[SourceTitle "EXT 2015"]
[Source "ChessBase"]
[SourceDate "2014.11.20"]
[SourceVersion "1"]
[SourceVersionDate "2014.11.20"]
[SourceQuality "1"]
[WhiteTeam "Ostbevern Westbevern"]
[BlackTeam "Telgte"]
[WhiteTeamCountry "GER"]
[BlackTeamCountry "GER"]

1. e4 c5 2. Nf3 Nc6 3. d4 cxd4 4. Nxd4 g6 5. Nc3 Bg7 6. Be3 Nf6 7. Be2 0-0 8. Qd2 d5 9. exd5 Nxd5 10. Nxd5 Nxd4 11. Nxe7+ Qxe7 12. Bxd4 Bxd4 13. Qxd4 Re8 14. Qe3 Qd7 15. Qd2 Qb5 16. c4 Qxc4 17. Kf1 Qc7 18. Re1 Be6 19. b3 Rad8 20. Qb2 Qf4 21. h4 Rd2 22. Qc3 Rc8 23. Qa1 Rcc2 0-1

[Event "Muensterland Verbandsklasse-A 1112"]
[Site "Germany"]
[Date "2012.03.10"]
[Round "7.1"]
[White "Muth, Josef"]
[Black "Beckmann, David"]
[Result "1-0"]
[WhiteElo "2050"]
[BlackElo "1886"]
[PlyCount "87"]
[EventDate "2011.09.17"]
[EventType "team-tourn"]
[EventRounds "9"]
[EventCountry "GER"]
[SourceTitle "EXT 2013"]
[Source "ChessBase"]
[SourceDate "2012.11.22"]
[SourceVersion "1"]
[SourceVersionDate "2012.11.22"]
[SourceQuality "1"]
[WhiteTeam "Telgte"]
[BlackTeam "Borken"]
[WhiteTeamCountry "GER"]
[BlackTeamCountry "GER"]

1. e4 e6 2. d4 d5 3. Nc3 Nf6 4. Bg5 Bb4 5. exd5 Qxd5 6. Bxf6 gxf6 7. Qd2 Qa5 8. Bd3 Nd7 9. Nge2 Nb6 10. 0-0 Bd7 11. a3 Bxc3 12. Nxc3 Bc6 13. b4 Qh5 14. Be4 Bxe4 15. Nxe4 0-0-0 16. c3 Qg6 17. Qe2 f5 18. Nc5 Qg4 19. f3 Qf4 20. Rad1 Qd6 21. c4 Nd7 22. Nb3 Nf6 23. c5 Qd5 24. Na5 c6 25. b5 cxb5 26. Qxb5 Rd7 27. Kh1 Ne8 28. Nc4 Nc7 29. Qa4 Na6 30. Ne5 Rc7 31. c6 Nb8 32. cxb7+ Qxb7 33. Rc1 Kd8 34. Qa5 Qb6 35. Qa4 f6 36. Rb1 fxe5 37. Rxb6 axb6 38. dxe5 Ke7 39. Qb4+ Kf7 40. Qxb6 Rhc8 41. h4 h5 42. Kh2 Nd7 43. Qd4 Nb6 44. Qxb6 1-0

[Event "Muensterland Verbandsklasse-A 1112"]
[Site "Germany"]
[Date "2011.10.08"]
[Round "2.1"]
[White "Gajic, Goran"]
[Black "Muth, Josef"]
[Result "1-0"]
[WhiteElo "1949"]
[BlackElo "2050"]
[PlyCount "71"]
[EventDate "2011.09.17"]
[EventType "team-tourn"]
[EventRounds "9"]
[EventCountry "GER"]
[SourceTitle "EXT 2013"]
[Source "ChessBase"]
[SourceDate "2012.11.22"]
[SourceVersion "1"]
[SourceVersionDate "2012.11.22"]
[SourceQuality "1"]
[WhiteTeam "Bocholt II"]
[BlackTeam "Telgte"]
[WhiteTeamCountry "GER"]
[BlackTeamCountry "GER"]

1. d4 Nf6 2. Nf3 e6 3. Bg5 h6 4. Bh4 c5 5. e3 Nc6 6. c3 b6 7. Nbd2 cxd4 8. exd4 Be7 9. Bb5 Bb7 10. Qe2 0-0 11. 0-0-0 a6 12. Ba4 b5 13. Bc2 Nd5 14. Bxe7 Ncxe7 15. Qd3 Ng6 16. Ne5 Ndf4 17. Qe3 Nxg2 18. Qg3 N6f4 19. Kb1 f5 20. f3 Rf6 21. Rhg1 d6 22. Rxg2 Nxg2 23. Qxg2 dxe5 24. dxe5 Rf7 25. Ne4 fxe4 26. Rxd8+ Rxd8 27. Bxe4 Bxe4+ 28. fxe4 Rdf8 29. Qh3 Rf2 30. Qxe6+ Kh8 31. Qxa6 Rxh2 32. Qxb5 Rff2 33. a4 Re2 34. a5 Re1+ 35. Ka2 Rxe4 36. a6 1-0

[Event "Muensterland Verbandsklasse-B 1011"]
[Site "Germany"]
[Date "2010.11.13"]
[Round "3.1"]
[White "Richter, Juergen"]
[Black "Muth, Josef"]
[Result "0-1"]
[WhiteElo "1987"]
[BlackElo "2053"]
[PlyCount "105"]
[EventDate "2010.09.18"]
[EventType "team-tourn"]
[EventRounds "9"]
[EventCountry "GER"]
[SourceTitle "EXT 2012"]
[Source "ChessBase"]
[SourceDate "2011.11.24"]
[SourceVersion "1"]
[SourceVersionDate "2011.11.24"]
[SourceQuality "1"]
[WhiteTeam "Ibbenbueren"]
[BlackTeam "Telgte"]
[WhiteTeamCountry "GER"]
[BlackTeamCountry "GER"]

1. c4 c5 2. Nc3 g6 3. Nf3 Bg7 4. d4 cxd4 5. Nxd4 Nc6 6. Nc2 d6 7. e4 Be6 8. Be2 Bxc3+ 9. bxc3 Nf6 10. f3 Qa5 11. Bd2 Qa4 12. Qb1 Bxc4 13. Ne3 Bxe2 14. Kxe2 0-0 15. g4 Qa6+ 16. Kf2 Ne5 17. h4 e6 18. h5 g5 19. h6 Qd3 20. Qxd3 Nxd3+ 21. Kg3 Rfc8 22. Rab1 b6 23. Rb5 Nc5 24. Nf1 Nfxe4+ 25. fxe4 Nxe4+ 26. Kg2 f6 27. Rh3 Rc4 28. Rf3 d5 29. Be1 Ra4 30. Rb2 Kf7 31. Ng3 Kg6 32. Re2 Nxg3 33. Kxg3 e5 34. Rd3 Rc8 35. Kh3 Rcc4 36. Rg2 d4 37. cxd4 Rxd4 38. Rxd4 Rxd4 39. Kg3 Kxh6 40. Kf3 Kg6 41. Rh2 Rf4+ 42. Kg3 Ra4 43. Kf3 b5 44. Rb2 a6 45. Rh2 b4 46. Rb2 a5 47. Rh2 h6 48. Ke3 Ra3+ 49. Ke4 b3 50. axb3 Rxb3 51. Bxa5 Rg3 52. Bd8 Rxg4+ 53. Ke3 0-1

[Event "Muensterland Verbandsklasse-B 1011"]
[Site "Germany"]
[Date "2010.10.09"]
[Round "2.1"]
[White "Muth, Josef"]
[Black "Rosing, Hermann"]
[Result "1-0"]
[WhiteElo "2053"]
[BlackElo "1984"]
[PlyCount "77"]
[EventDate "2010.09.18"]
[EventType "team-tourn"]
[EventRounds "9"]
[EventCountry "GER"]
[SourceTitle "EXT 2012"]
[Source "ChessBase"]
[SourceDate "2011.11.24"]
[SourceVersion "1"]
[SourceVersionDate "2011.11.24"]
[SourceQuality "1"]
[WhiteTeam "Telgte"]
[BlackTeam "Ahaus Wessum"]
[WhiteTeamCountry "GER"]
[BlackTeamCountry "GER"]

1. d4 Nf6 2. c4 g6 3. g3 Bg7 4. Bg2 d6 5. Nc3 0-0 6. Nf3 Nc6 7. 0-0 a6 8. Qd3 Bg4 9. d5 Bxf3 10. exf3 Ne5 11. Qe2 c5 12. Re1 Re8 13. Bf4 Ned7 14. Bh3 Rb8 15. a4 Nh5 16. Bd2 Nf8 17. f4 e6 18. Qf3 Nf6 19. Rab1 Qc7 20. Kg2 exd5 21. Rxe8 Rxe8 22. Nxd5 Nxd5 23. Qxd5 Qc6 24. Bg4 Qxd5+ 25. cxd5 f5 26. Bf3 b5 27. axb5 axb5 28. Ba5 Rc8 29. Be2 c4 30. Bb4 Rd8 31. b3 c3 32. Rc1 Rc8 33. Rc2 Rb8 34. Bd3 Nd7 35. Bxd6 Rb6 36. Bb4 Nf6 37. Bxc3 Nxd5 38. Bxg7 Kxg7 39. Rc5 1-0

[Event "Muensterland Verbandsklasse-B 0910"]
[Site "Germany"]
[Date "2009.11.21"]
[Round "3.1"]
[White "Busch, Martin"]
[Black "Muth, Josef"]
[Result "1/2-1/2"]
[WhiteElo "1987"]
[BlackElo "2067"]
[PlyCount "87"]
[EventDate "2009.09.19"]
[EventType "team-tourn"]
[EventRounds "9"]
[EventCountry "GER"]
[SourceTitle "EXT 2011"]
[Source "ChessBase"]
[SourceDate "2010.11.26"]
[SourceVersion "1"]
[SourceVersionDate "2010.11.26"]
[SourceQuality "1"]
[WhiteTeam "Muenster SK III"]
[BlackTeam "Telgte"]
[WhiteTeamCountry "GER"]
[BlackTeamCountry "GER"]

1. c4 Nf6 2. Nc3 g6 3. e4 d6 4. d4 Bg7 5. f3 0-0 6. Bg5 h6 7. Be3 c5 8. Nge2 cxd4 9. Nxd4 Nc6 10. Qd2 Nxd4 11. Bxd4 Be6 12. Bd3 Rc8 13. b3 a6 14. 0-0 Qa5 15. f4 b5 16. b4 Qxb4 17. Rab1 Qa5 18. cxb5 Nxe4 19. Bxe4 Bxd4+ 20. Qxd4 Rxc3 21. f5 Rc4 22. Qe3 Rxe4 23. Qxe4 Bxf5 24. Rxf5 gxf5 25. Qxe7 Qxa2 26. Re1 axb5 27. Qxd6 Qa5 28. Kf1 b4 29. Qxh6 Qb5+ 30. Kg1 Re8 31. Qg5+ Kh7 32. Rxe8 Qxe8 33. Qxf5+ Kg7 34. Qg4+ Kh7 35. Qxb4 Qe3+ 36. Kf1 Kg6 37. Qg4+ Kh7 38. Qh4+ Kg6 39. Qg3+ Qxg3 40. hxg3 Kg5 41. Ke2 Kg4 42. Ke3 Kxg3 43. Ke4 Kg4 44. Ke5 1/2-1/2

[Event "Muensterland Verbandsklasse-A 0809"]
[Site "Germany"]
[Date "2008.12.06"]
[Round "4.2"]
[White "Hofene, Dieter"]
[Black "Muth, Josef"]
[Result "0-1"]
[WhiteElo "1867"]
[BlackElo "2075"]
[PlyCount "90"]
[EventDate "2008.09.13"]
[EventType "tourn"]
[EventRounds "9"]
[EventCountry "GER"]
[SourceTitle "EXT 2010"]
[Source "ChessBase"]
[SourceDate "2010.11.25"]
[SourceVersion "1"]
[SourceVersionDate "2010.11.25"]
[SourceQuality "1"]
[WhiteTeam "Beelen"]
[BlackTeam "Telgte"]
[WhiteTeamCountry "GER"]
[BlackTeamCountry "GER"]

1. e4 c5 2. Nf3 a6 3. b3 Nc6 4. Bb2 d6 5. Be2 Nf6 6. d3 g6 7. 0-0 Bg7 8. Nbd2 0-0 9. Nc4 b5 10. Ne3 Bb7 11. h3 e6 12. a4 Qc7 13. Qe1 Rfd8 14. c4 bxc4 15. bxc4 Nb4 16. Qc1 Qd7 17. a5 Rab8 18. Rd1 Ba8 19. Bc3 Bc6 20. Nh2 Re8 21. Nhg4 Nxg4 22. Nxg4 e5 23. f4 h5 24. Nh2 Bh6 25. Rf1 exf4 26. Bd2 g5 27. Ra3 d5 28. Bxh5 dxe4 29. Ng4 Bg7 30. Bc3 exd3 31. Nf6+ Bxf6 32. Bxf6 Qf5 33. Qc3 Re6 34. Bh8 f6 35. Bg4 Qe4 36. Rf2 Qe1+ 37. Qxe1 Rxe1+ 38. Kh2 Kxh8 39. h4 Rbe8 40. hxg5 fxg5 41. Bf5 Kg7 42. Bxd3 Rh8+ 43. Bh7 Rxh7+ 44. Rh3 Rxh3+ 45. Kxh3 Bd7+ 0-1

[Event "Muensterland Verbandsklasse-B 0405"]
[Site "Muensterland"]
[Date "2004.11.06"]
[Round "3.1"]
[White "Sazanova, Julia"]
[Black "Muth, Josef"]
[Result "1-0"]
[WhiteElo "2221"]
[BlackElo "2032"]
[PlyCount "55"]
[EventDate "2004.09.11"]
[EventType "team-tourn"]
[EventRounds "9"]
[EventCountry "GER"]
[SourceTitle "EXT 2006"]
[Source "ChessBase"]
[SourceDate "2005.11.24"]
[SourceVersion "1"]
[SourceVersionDate "2005.11.24"]
[SourceQuality "1"]
[WhiteTeam "Steinfurt"]
[BlackTeam "Westbevern II"]
[WhiteTeamCountry "GER"]
[BlackTeamCountry "GER"]

1. d4 Nf6 2. e3 g6 3. f4 Bg7 4. Nf3 d6 5. Bc4 c6 6. a4 0-0 7. 0-0 Nbd7 8. c3 Qc7 9. Qe1 Rb8 10. Nbd2 b5 11. axb5 cxb5 12. Bb3 a5 13. e4 Bb7 14. e5 Nh5 15. e6 a4 16. Ba2 fxe6 17. Qxe6+ Kh8 18. Ng5 Rf6 19. Nf7+ Kg8 20. Qxe7 d5 21. Ne5 Nxf4 22. Qxd7 Qb6 23. Ndf3 Rbf8 24. Bxf4 Rxf4 25. Bxd5+ Bxd5 26. Qxd5+ Kh8 27. Nd7 Qd8 28. Qxb5 1-0